000 01239nam a22003014a 4500
001 ebr10084795
003 CaPaEBR
006 m u
007 cr cn|||||||||
008 020208s2003 enka sb 001 0 eng
020 _z0195141784 (cloth : alk. paper)
040 _aCaPaEBR
_cCaPaEBR
035 _a(OCoLC)60562452
050 1 4 _aMT88
_b.B35 2003eb
082 0 4 _a782.7/145
_221
100 1 _aBartle, Jean Ashworth.
245 1 0 _aSound advice
_h[electronic resource] :
_bbecoming a better children's choir conductor /
_cJean Ashworth Bartle.
260 _aOxford ;
_aNew York :
_bOxford University Press,
_c2003.
300 _axv, 271 p. :
_bill.
504 _aIncludes bibliographical references (p. 261-263) and index.
533 _aElectronic reproduction.
_bPalo Alto, Calif. :
_cebrary,
_d2013.
_nAvailable via World Wide Web.
_nAccess may be limited to ebrary affiliated libraries.
650 0 _aChoral conducting.
650 0 _aChildren's choirs.
650 0 _aChoral singing
_xInstruction and study
_vJuvenile.
655 7 _aElectronic books.
_2local
710 2 _aebrary, Inc.
856 4 0 _uhttp://site.ebrary.com/lib/rucke/Doc?id=10084795
_zAn electronic book accessible through the World Wide Web; click to view
999 _c50068
_d50068